000 00918nam a22002777a 4500
001 BR6005949
003 BR-BrBNA
005 20230928083235.0
007 ta
008 230509b bl.||||| |||| 00| 0 por d
040 _aBR-BrBNA
_bpor
_cBiblioteca Nacional de Agricultura
041 _a(Por)
072 _aE70; F00
090 _ E70 BR6005949
100 1 _aSaran, R.
110 1 _aAssociacao Internacional de Economistas Agricolas, Sao Paulo, SP (Brasil)
_9635
111 1 _a15. Congresso Internacional de Economistas Agricolas
_cSao Paulo, SP (Brazil)
_d20 Aug 1973
245 1 _aInfluencias sobre o mercado de produtos agricolas derivados de mudancas na distribuicao e concorrencia por sinteticos
260 3 _aSao Paulo, SP (Brasil):
_c1973.
300 _a8 p.
650 _aComercializacao
650 _aProducao vegetal
650 _aMercado
909 _a202309
_bLucia
_c55
_dLucia Elande
942 _cBK
999 _c12332
_d12332